000
00301nam a2200121Ia 4500
008
190216s9999||||xx |||||||||||||| ||und||
100
_a
Mordkovich A G
245
0
_a
English Idioms And How To Use Theme
260
_b
Oxford University Press
_c
1987
300
_a
350p
650
_a
English
942
_c
BK
999
_c
12369
_d
12369